The art of the motion picture
שמור ב:
| מחבר ראשי: | |
|---|---|
| פורמט: | ספר |
| שפה: | אנגלית |
| יצא לאור: |
Nueva York
Coward-McCann Inc
1946
|
| מהדורה: | 1a. ed |
| נושאים: | |
| גישה מקוונת: | portada |
| תגים: |
הוספת תג
אין תגיות, היה/י הראשונ/ה לתייג את הרשומה!
|
MARC
| LEADER | 00000cam a2200000 a 4500 | ||
|---|---|---|---|
| 001 | UCC7763 | ||
| 003 | CL-VaPUC | ||
| 008 | 190505e19460000us |||||||||||||||||eng|d | ||
| 082 | 0 | 4 | |a 791.4309 |b BEN |2 21 |
| 100 | 0 | |a Benoit-Levy, Jean |e author |9 602441 | |
| 245 | 1 | 4 | |a The art of the motion picture |
| 250 | |a 1a. ed | ||
| 300 | |a 263 p | ||
| 942 | |c BK | ||
| 945 | |d 20190505 21:05:00 |a dcastane | ||
| 260 | |a Nueva York |b Coward-McCann Inc |c 1946 | ||
| 650 | 0 | |a Historia del cine |9 265166 | |
| 650 | 0 | |a Industria cinematográfica |9 266081 | |
| 856 | 7 | |f UCC7763_01.jpg |u http://opac.pucv.cl/pucv_img/Img-7500/UCC7763_01.jpg |q JEPG |2 file |z portada | |
| 583 | |a last modification |c 20190505 21:05:00 |k Rodrigo Vera | ||
| 999 | |c 374312 |d 374310 | ||
| 952 | |0 0 |1 0 |3 erd |4 0 |6 791_430900000000000_BEN_1946 |7 0 |8 A |9 492813 |a BIBART |b BIBART |i 5545412 |o 791.4309 BEN 1946 |p 5545412 |r 2025-03-13 |w 2019-11-24 |y BK |z Catalogado en:20190505 |k ART | ||